Brazylijczycy w Manchesterze United - Statystyki

Ogólne statystyki
  • Ten quiz został rozwiązany 67 razy
  • Średni wynik to 7 z 10
Answers on the Grid
Answers color-coded by a green-red scale on the quiz's grid according to % correct below.
Casemiro
Fred
Roberto Carlos
Gabriel Jesus
Willian
Danilo
Antony
Tete
Alex Telles
Andreas Pereira
Fabio
Cafu
Anderson
Lucas Paquetá
Rafael
Kleberson
Jo
Matheus Cunha
Alex
Allan
 
Statystyki odpowiedzi
Odpowiedź % Poprawnych
Casemiro
98%
Fred
95%
Antony
91%
Matheus Cunha
80%
Alex Telles
76%
Anderson
65%
Andreas Pereira
58%
Rafael
55%
Fabio
44%
Kleberson
36%
Nie znaleziono quizów pasujących do podanych kryteriów
Rozkład punktacji
Procent ludzi z każdym wynikiem
Percentyl według liczby udzielonych odpowiedzi
Twoja historia wyników
Nie rozwiązałeś tego quizu